Content and availability of nutrients in rubber seed meal (Record no. 47503)

MARC details
000 -LEADER
fixed length control field 00395nam a2200145Ia 4500
100 ## - MAIN ENTRY--AUTHOR NAME
Personal name Nwokolo Emmanuel
245 #0 - TITLE STATEMENT
Title Content and availability of nutrients in rubber seed meal
520 ## - SUMMARY, ETC.
Summary, etc (Only reference available)
650 ## - SUBJECT ADDED ENTRY--TOPICAL TERM
Topical Term Contents
650 ## - SUBJECT ADDED ENTRY--TOPICAL TERM
Topical Term Nutrition
650 ## - SUBJECT ADDED ENTRY--TOPICAL TERM
Topical Term Rubber seed meal
700 ## - ADDED ENTRY--PERSONAL NAME
Personal name Akpapunam Maurice
942 ## - ADDED ENTRY ELEMENTS (KOHA)
Koha item type Bibliography RLSE
Holdings
Withdrawn status Lost status Damaged status Not for loan Home library Current library Date acquired Koha item type
      Bibliography RRII Library RRII Library 31/12/2021 Bibliography RLSE